Le Maroc pour les touristes... - Facile - Statistiques

Statistiques générales
  • Ce quiz a été pris 535 fois
  • Le résultat moyen est 9 sur 20
Statistiques - réponses
Question Indice Réponses Indice facile % Correct
Quelles sont les langues officielles ? Arabe A
100%
Ce pays est plus grand que la France (oui/non) Oui
61%
Quels pays ont assuré un protectorat sur celui-ci ? France
58%
La religion majoritaire est Islam I
56%
Le principal aéroport est C Casablanca
52%
Dans la capitale quel est le décalage horaire avec Paris ? (+ ou - et chiffre) ex - 10 - 1
51%
Quels pays ont assuré un protectorat sur celui-ci ? Espagne
51%
Code sur les plaques minéralogiques MA
51%
Le suffixe internet est ma
51%
Achats à faire 2/ Huile d' argan GRANA
48%
Quel est le régime du pays ? Monarchie constitutionnelle M C
42%
Achats à faire 3/ Eau de Rose SERO
41%
Achats à faire 1/ Chaussures Babouches Babouches
35%
Achats à faire 4/ Vêtement Djellaba Djellaba
34%
Quels est le climat local ? M Méditerranéen
33%
Quelles sont les principaux lieux touristiques ? C Ville de {Chefchaouen} CECOAFEUHNH
30%
Quelles sont les principaux lieux touristiques ? E Medina d'{Essaouira} AAOEIRSSU
29%
Quelles sont les langues officielles ? Amazighe A
25%
Quelle est la monnaie ? Dirham marocain D
16%
Quelles sont les principaux lieux touristiques ? A Ksour d'{Aït-Benhaddou} DITUADANOBHE
4%
Aucun quiz correspondant
Distribution des résultats
% des personnes avec chaque résultat
Percentile par nombre de réponses
Votre historique - résultats
Vous n’avez pas pris ce quiz